ARRUPE JESUIT UNIVERSITY

CORONAVIRUS -STOP THE SPREAD - CLEAN,DISINFECT,COVER

Hermeneutics and modern philosophy / (Record no. 124381)

MARC details
000 -LEADER
fixed length control field 00913pam a2200289 a 4500
001 - CONTROL NUMBER
control field 4769722
003 - CONTROL NUMBER IDENTIFIER
control field ARRUPE
005 - DATE AND TIME OF LATEST TRANSACTION
control field 20160315152314.0
008 - FIXED-LENGTH DATA ELEMENTS--GENERAL INFORMATION
fixed length control field 860813s1986 nyu b 001 0 eng
010 ## - LIBRARY OF CONGRESS CONTROL NUMBER
LC control number 86014572
020 ## - INTERNATIONAL STANDARD BOOK NUMBER
International Standard Book Number 0887062954
020 ## - INTERNATIONAL STANDARD BOOK NUMBER
International Standard Book Number 0887062962 (pbk.)
040 ## - CATALOGING SOURCE
Original cataloging agency DLC
Transcribing agency DLC
Modifying agency DLC
050 00 - LIBRARY OF CONGRESS CALL NUMBER
Classification number BD241
Item number .H365 1986
082 00 - DEWEY DECIMAL CLASSIFICATION NUMBER
Classification number 149
Edition number 19
300 ## - PHYSICAL DESCRIPTION
Dimensions 25 cm.
245 00 - TITLE STATEMENT
Title Hermeneutics and modern philosophy /
Statement of responsibility, etc Brice R. Wachterhauser, editor.
260 ## - PUBLICATION, DISTRIBUTION, ETC. (IMPRINT)
Place of publication, distribution, etc Albany, NY :
Name of publisher, distributor, etc State University of New York Press,
Date of publication, distribution, etc c1986.
300 ## - PHYSICAL DESCRIPTION
Extent 506 p. ;
500 ## - GENERAL NOTE
General note Includes index.
504 ## - BIBLIOGRAPHY, ETC. NOTE
Bibliography, etc Bibliography: p. 487-502.
600 10 - SUBJECT ADDED ENTRY--PERSONAL NAME
Personal name Gadamer, Hans-Georg,
Dates associated with a name 1900-2002.
9 (RLIN) 22964
600 10 - SUBJECT ADDED ENTRY--PERSONAL NAME
Personal name Heidegger, Martin,
Dates associated with a name 1889-1976.
9 (RLIN) 22965
650 #0 - SUBJECT ADDED ENTRY--TOPICAL TERM
Topical term or geographic name as entry element Hermeneutics.
9 (RLIN) 22966
700 1# - ADDED ENTRY--PERSONAL NAME
Personal name Wachterhauser, Brice R.,
Dates associated with a name 1953-
9 (RLIN) 22967
906 ## - LOCAL DATA ELEMENT F, LDF (RLIN)
a 7
b cbc
c orignew
d 1
e ocip
f 19
g y-gencatlg
942 ## - ADDED ENTRY ELEMENTS (KOHA)
Source of classification or shelving scheme Library of Congress Classification
Koha item type Monograph ( Printed materials)
Holdings
Withdrawn status Lost status Source of classification or shelving scheme Damaged status Not for loan Collection code Home library Current library Shelving location Date acquired Total Checkouts Full call number Barcode Date last seen Price effective from Koha item type
    Library of Congress Classification     Main Collection ARRUPE LIBRARY ARRUPE LIBRARY Main Collection 15/03/2016   BD241 .H365 1986 46500006658 15/03/2016 15/03/2016 Monograph ( Printed materials)

 

Arrupe Library. PO Box MP320 Mt Pleasant, Harare, Zimbabwe
263 242 745411|librarian@aju.ac.zw